| 000 | 00348nam a22001577a 4500 | ||
|---|---|---|---|
| 003 | SGT | ||
| 020 | _a9788187134585 | ||
| 082 |
_a612 _bE13S |
||
| 100 | _aSURESH, R. | ||
| 245 | _aESSENTIALS OF HUMAN PHYSIOLOGY | ||
| 250 | _a1ST | ||
| 260 |
_aINDIA _bBOOKS & ALLIED PUB _c2013 |
||
| 300 | _a827 | ||
| 650 | _aHUMAN PHYSIOLOGY | ||
| 942 |
_2ddc _cBK |
||
| 999 |
_c34320 _d34320 |
||